000 00272nam a22001217a 4500
003 SGT
082 _a616.024
_bK17K
100 _aKUMAR, PARVEEN
245 _aKUMAR & CLARK'S CLINICAL MEDICINE
260 _aINDIA
_bELSEVIER
_c2017
300 _a1437
942 _2ddc
_cBK
_06
999 _c14871
_d14871